| 000 | 01684nam a2200541 i 4500 | ||
|---|---|---|---|
| 001 | 45125 | ||
| 003 | KOSZ 005 | ||
| 005 | 20240405063148.0 | ||
| 008 | 050111s2004 pl a |001 0 pol | ||
| 015 | _aPB 2005/604 | ||
| 020 | _a8301143010 | ||
| 040 |
_aWA N _cWA N _dKOSZ 005/HR |
||
| 041 | 0 | _apol | |
| 080 | _a72(4)"03/19" | ||
| 080 | _a73/76(4)"03/19" | ||
| 100 | 1 |
_aBiałostocki, Jan _d(1921-1988) _eAutor |
|
| 245 | 1 | 0 |
_aSztuka cenniejsza niż złoto : _bopowieść o sztuce europejskiej naszej ery / _cJan Białostocki. |
| 250 | _aWyd. 7. | ||
| 260 |
_aWarszawa : _bWydawnictwo Naukowe PWN, _c2004. |
||
| 300 |
_a733, [3] s. : _bil. kolor., fot., mapy, portr., rys. ; _c26 cm. |
||
| 380 | _aKsiążki | ||
| 388 | _a2001- | ||
| 500 | _aU góry okł.: Historia sztuki. | ||
| 504 | _aBibliogr. s. 710. Indeks. | ||
| 648 | 4 | _a1601-1700 | |
| 648 | 4 | _a1701-1800 | |
| 648 | 4 | _a1801-1900 | |
| 648 | 4 | _a1901-2000 | |
| 648 | 4 | _a1201-1300 | |
| 648 | 4 | _a1301-1400 | |
| 648 | 4 | _a1401-1500 | |
| 648 | 4 | _a1501-1600 | |
| 648 | 4 | _a1001-1100 | |
| 648 | 4 | _a1101-1200 | |
| 648 | 4 | _a301-400 | |
| 648 | 4 | _a401-500 | |
| 648 | 4 | _a501-600 | |
| 648 | 4 | _a601-700 | |
| 648 | 4 | _a701-800 | |
| 648 | 4 | _a801-900 | |
| 648 | 4 | _a 901-1000 | |
| 650 | 4 | _aHistoria sztuki | |
| 655 | 7 | _aSztuka europejska | |
| 658 | _aKultura i sztuka | ||
| 710 | 2 |
_aWydawnictwo Naukowe PWN _4pbl. |
|
| 856 |
_uhttp://koha.tu.koszalin.pl/cgi-bin/koha/opac-detail.pl?biblionumber=45125 _yKatalog online BPK |
||
| 942 |
_2UKD _cKS |
||
| 999 |
_c45125 _d45125 |
||